[Event "St Petersburg Chigorin CC-ch"]
[Site "St Petersburg"]
[Date "2009.05.27"]
[Round "7"]
[White "Zavgorodnya, Olena"]
[Black "Koltsov, Roman"]
[Result "0-1"]
[WhiteElo "1966"]
[BlackElo "2276"]
[PlyCount "100"]
[EventDate "2009.05.19"]
[EventType "swiss"]
[EventRounds "9"]
[EventCountry "RUS"]
[SourceTitle "CBM 130 Extra"]
[Source "ChessBase"]
[SourceDate "2009.07.02"]
[SourceVersion "2"]
[SourceVersionDate "2009.07.15"]
[SourceQuality "1"]

1. e4 c5 2. Nf3 e6 3. d4 cxd4 4. Nxd4 Nc6 5. Nc3 Qc7 6. Be2 a6 7. a4 Be7 8. 0-0 Nf6 9. Be3 0-0 10. f4 d6 11. Kh1 b6 12. e5 Nd5 13. Nxd5 exd5 14. Nxc6 Qxc6 15. Bf3 Bb7 16. Ra3 dxe5 17. Rc3 Qd6 18. fxe5 Qxe5 19. Bxb6 Bd6 20. Bg1 Rfe8 21. Re3 Qg5 22. Rxe8+ Rxe8 23. Re1 Rxe1 24. Qxe1 Qe5 25. Qxe5 Bxe5 26. b3 Bc3 27. Bc5 f6 28. Kg1 Kf7 29. Kf2 Ke6 30. Ke2 Be5 31. h3 f5 32. Kd3 g6 33. Bd4 Kd6 34. c4 g5 35. Bxd5 Bxd5 36. cxd5 Kxd5 37. Bxe5 Kxe5 38. Kc4 h5 39. b4 g4 40. hxg4 fxg4 41. b5 axb5+ 42. Kxb5 h4 43. a5 h3 44. a6 hxg2 45. a7 g1Q 46. a8Q Qb1+ 47. Kc5 Qc2+ 48. Kb5 Qd3+ 49. Ka4 Qe4+ 50. Qxe4+ Kxe4 0-1

[Event "St Petersburg Chigorin CC-ch"]
[Site "St Petersburg"]
[Date "2009.05.24"]
[Round "5"]
[White "Kuzmin, Egor"]
[Black "Koltsov, Roman"]
[Result "1/2-1/2"]
[WhiteElo "1954"]
[BlackElo "2276"]
[PlyCount "57"]
[EventDate "2009.05.19"]
[EventType "swiss"]
[EventRounds "9"]
[EventCountry "RUS"]
[SourceTitle "CBM 130 Extra"]
[Source "ChessBase"]
[SourceDate "2009.07.02"]
[SourceVersion "2"]
[SourceVersionDate "2009.07.15"]
[SourceQuality "1"]

1. d4 Nf6 2. Nf3 c5 3. d5 d6 4. Nc3 g6 5. e4 Bg7 6. Bb5+ Nbd7 7. a4 a6 8. Be2 0-0 9. h3 Rb8 10. 0-0 Ne8 11. Bf4 Nc7 12. a5 b5 13. axb6 Rxb6 14. Na4 Rb8 15. c3 a5 16. Re1 Ba6 17. Bxa6 Nxa6 18. e5 Nb6 19. Nxb6 Qxb6 20. Qa4 Nc7 21. exd6 exd6 22. Qc6 Rfd8 23. Red1 Ne8 24. Qxb6 Rxb6 25. Ra2 Rdb8 26. Rd2 a4 27. Rxa4 h6 28. g4 g5 29. Bh2 1/2-1/2

[Event "St Petersburg Chigorin CC-ch"]
[Site "St Petersburg"]
[Date "2009.05.21"]
[Round "3"]
[White "Fateev, Michail"]
[Black "Koltsov, Roman"]
[Result "1-0"]
[WhiteElo "2109"]
[BlackElo "2276"]
[PlyCount "103"]
[EventDate "2009.05.19"]
[EventType "swiss"]
[EventRounds "9"]
[EventCountry "RUS"]
[SourceTitle "CBM 130 Extra"]
[Source "ChessBase"]
[SourceDate "2009.07.02"]
[SourceVersion "2"]
[SourceVersionDate "2009.07.15"]
[SourceQuality "1"]

1. e4 c5 2. Nf3 e6 3. d4 cxd4 4. Nxd4 Nc6 5. Nc3 Nf6 6. Ndb5 d6 7. Bf4 e5 8. Bg5 a6 9. Bxf6 gxf6 10. Na3 Be6 11. Nd5 Qa5+ 12. c3 Bxd5 13. exd5 Ne7 14. Nc4 Qc7 15. a4 0-0-0 16. a5 Kb8 17. Ra4 Qc5 18. Nb6 Nc8 19. Nc4 Ne7 20. Ne3 Bh6 21. Ng4 Bg7 22. Bc4 f5 23. Ne3 f4 24. Nf1 e4 25. Qb3 Ka7 26. Nd2 e3 27. fxe3 Qxe3+ 28. Kd1 Nf5 29. Re1 Qf2 30. Bxa6 bxa6 31. Rxf4 Qxf4 32. Qb6+ Ka8 33. Qxa6+ Kb8 34. Re4 Qxe4 35. Nxe4 Rhe8 36. Qb6+ Ka8 37. Qc6+ Ka7 38. Qb6+ Ka8 39. g4 Rc8 40. gxf5 Rxe4 41. Qa6+ Kb8 42. Qxd6+ Ka8 43. Qa6+ Kb8 44. Qb6+ Ka8 45. d6 Re5 46. a6 Rb8 47. Qc6+ Ka7 48. d7 Bf6 49. Qxf6 Rd5+ 50. Kc2 Rxd7 51. Qc6 Rbd8 52. b4 1-0

[Event "St Petersburg Chigorin CC-ch"]
[Site "St Petersburg"]
[Date "2009.05.19"]
[Round "1"]
[White "Melnikov, Dmitry"]
[Black "Koltsov, Roman"]
[Result "1-0"]
[WhiteElo "2320"]
[BlackElo "2276"]
[PlyCount "122"]
[EventDate "2009.05.19"]
[EventType "swiss"]
[EventRounds "9"]
[EventCountry "RUS"]
[SourceTitle "CBM 130 Extra"]
[Source "ChessBase"]
[SourceDate "2009.07.02"]
[SourceVersion "2"]
[SourceVersionDate "2009.07.15"]
[SourceQuality "1"]

1. e4 c5 2. Nf3 e6 3. Nc3 Nc6 4. d4 cxd4 5. Nxd4 Qc7 6. g3 a6 7. Bg2 d6 8. 0-0 Bd7 9. Kh1 Be7 10. f4 h5 11. h3 Nxd4 12. Qxd4 Bc6 13. Be3 Nf6 14. Rad1 Rd8 15. Qd2 d5 16. Qf2 Qc8 17. Bb6 Rd7 18. e5 Ne4 19. Nxe4 dxe4 20. Qe3 Bb5 21. Rfe1 Rxd1 22. Rxd1 0-0 23. Bxe4 Bc6 24. Kh2 Bxe4 25. Qxe4 Bc5 26. Bxc5 Qxc5 27. Rd2 b6 28. c3 g6 29. h4 Kg7 30. Kg2 Qa5 31. a3 b5 32. Rd7 Rd8 33. Rxd8 Qxd8 34. Kg1 Qd1+ 35. Kh2 Qd2+ 36. Kh1 Qf2 37. Qg2 Qe1+ 38. Kh2 Qe3 39. Qc2 Qf3 40. b3 a5 41. a4 bxa4 42. bxa4 Qc6 43. c4 Qc5 44. Kg2 Kh7 45. Kf3 Kg7 46. Ke4 Qc6+ 47. Kd4 Qb6+ 48. c5 Qb4+ 49. Kd3 Qa3+ 50. Qc3 Qxa4 51. c6 Qd1+ 52. Ke3 Qg1+ 53. Kd2 Qf2+ 54. Kc1 Qf1+ 55. Kc2 Qe2+ 56. Kb3 Qb5+ 57. Ka3 Qa6 58. c7 Qc8 59. Qc5 a4 60. Qc6 Kh7 61. Kxa4 Kg7 1-0

[Event "St Petersburg Autumn op"]
[Site "St Petersburg"]
[Date "2009.??.??"]
[Round "6"]
[White "Kopasov, Evgeny Aleksandrovi"]
[Black "Koltsov, Roman"]
[Result "1/2-1/2"]
[WhiteElo "2070"]
[BlackElo "1960"]
[PlyCount "59"]
[EventDate "2009.10.??"]
[EventType "swiss"]
[EventRounds "9"]
[EventCountry "RUS"]
[SourceTitle "EXT 2011"]
[Source "ChessBase"]
[SourceDate "2010.11.26"]
[SourceVersion "1"]
[SourceVersionDate "2010.11.26"]
[SourceQuality "1"]

1. d4 Nf6 2. c4 c5 3. d5 b5 4. cxb5 a6 5. bxa6 Bxa6 6. g3 d6 7. Bg2 g6 8. b3 Bg7 9. Bb2 Nbd7 10. Nh3 0-0 11. 0-0 Qa5 12. Bc3 Qc7 13. Re1 c4 14. b4 Rfb8 15. a4 Ng4 16. Bxg7 Kxg7 17. b5 Bc8 18. Qd4+ Ngf6 19. Nd2 c3 20. Rec1 c2 21. Qb2 Nc5 22. Rxc2 Qd8 23. Rc4 Bd7 24. Nf4 Qa5 25. Nb3 Nxb3 26. Qxb3 Rxb5 27. axb5 Qxa1+ 28. Bf1 Ra3 29. Qc2 Bxb5 30. Rb4 1/2-1/2

[Event "St Petersburg June op"]
[Site "St Petersburg"]
[Date "2008.06.28"]
[Round "8"]
[White "Koltsov, Roman"]
[Black "Chernov, Vladimir1"]
[Result "1/2-1/2"]
[WhiteElo "2276"]
[BlackElo "2105"]
[PlyCount "95"]
[EventDate "2008.06.21"]
[EventType "swiss"]
[EventRounds "9"]
[EventCountry "RUS"]
[SourceTitle "CBM 125 Extra"]
[Source "ChessBase"]
[SourceDate "2008.09.01"]
[SourceVersion "1"]
[SourceVersionDate "2008.09.01"]
[SourceQuality "1"]

1. e4 c5 2. Nf3 Nc6 3. Bb5 d6 4. d4 cxd4 5. Qxd4 Bd7 6. Bxc6 Bxc6 7. Nc3 Nf6 8. Bg5 e5 9. Qd3 Be7 10. 0-0-0 Ng4 11. Bxe7 Qxe7 12. Rd2 Rd8 13. Ne1 0-0 14. f3 Nf6 15. Nd5 Bxd5 16. exd5 Rc8 17. g4 Rc5 18. Qb3 a6 19. Ng2 Rfc8 20. Ne3 Qc7 21. h4 Ne8 22. g5 Qa5 23. a3 Qb5 24. Qxb5 Rxb5 25. h5 Rbc5 26. Rg1 b5 27. g6 fxg6 28. hxg6 h6 29. Nf5 R8c7 30. Re1 Kf8 31. f4 Nf6 32. fxe5 dxe5 33. Rxe5 Rd7 34. Ne3 Re7 35. Rxe7 Kxe7 36. Nf5+ Kf8 37. Ne3 Ke7 38. b4 Rc3 39. Nf5+ Kd7 40. Kb2 Rf3 41. Nxg7 Rg3 42. Ne6 Kd6 43. g7 h5 44. Nd4 Ke5 45. Nc6+ Kd6 46. c3 Rxg7 47. Re2 Kxd5 48. Rh2 1/2-1/2

[Event "St Petersburg June op"]
[Site "St Petersburg"]
[Date "2008.06.25"]
[Round "5"]
[White "Koltsov, Roman"]
[Black "Orlov, Anatoly"]
[Result "1/2-1/2"]
[WhiteElo "2276"]
[BlackElo "2061"]
[PlyCount "147"]
[EventDate "2008.06.21"]
[EventType "swiss"]
[EventRounds "9"]
[EventCountry "RUS"]
[SourceTitle "CBM 125 Extra"]
[Source "ChessBase"]
[SourceDate "2008.09.01"]
[SourceVersion "1"]
[SourceVersionDate "2008.09.01"]
[SourceQuality "1"]

1. e4 c6 2. d4 d5 3. e5 Bf5 4. g4 Be4 5. f3 Bg6 6. Nc3 e6 7. h4 h5 8. g5 Ne7 9. Nge2 Bf5 10. Ng3 g6 11. a3 Bg7 12. Bd3 Bxd3 13. Qxd3 0-0 14. Nce2 c5 15. c3 Nbc6 16. f4 cxd4 17. cxd4 Qb6 18. b4 a6 19. Be3 Qb5 20. Qxb5 axb5 21. Kf2 Rfc8 22. Rhc1 Bf8 23. Bd2 Na7 24. Rxc8 Nexc8 25. Nf1 Nb6 26. Ne3 Nc6 27. Bc3 Na4 28. Rc1 Nb6 29. Bb2 Nc4 30. Nxc4 bxc4 31. Ke3 Ne7 32. Ng3 b5 33. Ra1 Nc8 34. Ne2 Kg7 35. Nc3 Rb8 36. Ne2 Be7 37. Bc3 Nb6 38. Kd2 Kf8 39. Kc2 Ke8 40. Bb2 Kd7 41. Nc3 Kc6 42. Bc1 Ra8 43. Kb2 Bf8 44. Be3 Nc8 45. Ra2 Kb6 46. Ra1 Ne7 47. Bf2 Nf5 48. Rd1 Be7 49. Rh1 Bd8 50. Rd1 Kc6 51. Ra1 Bb6 52. Rd1 Ra7 53. Ka2 Ra8 54. Kb2 Bd8 55. Rh1 Kb6 56. Rd1 Ne7 57. Be3 Nc6 58. Rc1 Be7 59. Na2 Kb7 60. Bf2 Na7 61. Nc3 Kc6 62. Be3 Nc8 63. Bf2 Bd8 64. Rd1 Bb6 65. Rh1 Ne7 66. Re1 Nf5 67. Rd1 Bd8 68. Re1 Ne7 69. Be3 Nc8 70. Rc1 Be7 71. Rb1 Nb6 72. Rc1 Nd7 73. Rd1 Kb6 74. Rc1 1/2-1/2

[Event "St Petersburg Chigorin CC-ch"]
[Site "St Petersburg"]
[Date "2008.05.23"]
[Round "9"]
[White "Koltsov, Roman"]
[Black "Ivanov, Viktor"]
[Result "1/2-1/2"]
[WhiteElo "2276"]
[BlackElo "2197"]
[PlyCount "149"]
[EventDate "2008.05.13"]
[EventType "swiss"]
[EventRounds "9"]
[EventCountry "RUS"]
[SourceTitle "CBM 124 Extra"]
[Source "ChessBase"]
[SourceDate "2008.07.03"]
[SourceVersion "1"]
[SourceVersionDate "2008.07.03"]
[SourceQuality "1"]

1. e4 c5 2. Nf3 Nc6 3. Bb5 Nf6 4. Nc3 a6 5. Bxc6 dxc6 6. 0-0 Bg4 7. d3 e5 8. h3 Bxf3 9. Qxf3 Be7 10. Qg3 Qc7 11. Ne2 Nh5 12. Qf3 g6 13. Qg4 Qd7 14. Qf3 h6 15. g4 Ng7 16. Qg3 Bd6 17. f4 Qc7 18. Qf2 b6 19. Bd2 h5 20. Bc3 Ra7 21. g5 0-0 22. f5 f6 23. Qg2 gxf5 24. exf5 fxg5 25. Qxg5 Qd8 26. Qxd8 Rxd8 27. f6 Ne6 28. Rf5 Nd4 29. Bxd4 exd4 30. Raf1 Rh7 31. Nf4 Bxf4 32. R1xf4 Kf7 33. Kf2 Re8 34. Re4 Re6 35. Kf3 Rxf6 36. Ref4 Rxf5 37. Rxf5+ Ke6 38. Ke4 h4 39. Rg5 Kd7 40. Kf5 Rf7+ 41. Kg4 Rh7 42. Kf5 Rh6 43. Rg7+ Kd6 44. Ra7 b5 45. Rxa6 Rh8 46. a4 bxa4 47. Rxa4 Rg8 48. b4 Rg3 49. bxc5+ Kd5 50. Rc4 Rxh3 51. Kg4 Rh1 52. Kf3 Rg1 53. c3 Rg3+ 54. Ke2 Rg4 55. Kf3 Rg3+ 56. Ke2 dxc3 57. Rxh4 Rg2+ 58. Ke3 Rg3+ 59. Ke2 c2 60. Rc4 Rg2+ 61. Ke3 Rh2 62. Kf3 Rd2 63. Ke3 Rh2 64. Kf3 c1Q 65. Rxc1 Kd4 66. Re1 Rh5 67. Rd1 Rf5+ 68. Ke2 Rxc5 69. Rd2 Re5+ 70. Kd1 c5 71. Re2 Rh5 72. Kc2 Rh4 73. Rf2 Rg4 74. Re2 Rh4 75. Rf2 1/2-1/2

[Event "St Petersburg Chigorin CC-ch"]
[Site "St Petersburg"]
[Date "2008.05.19"]
[Round "5"]
[White "Koltsov, Roman"]
[Black "Kiselev, Viktor"]
[Result "1-0"]
[WhiteElo "2276"]
[BlackElo "2055"]
[PlyCount "69"]
[EventDate "2008.05.13"]
[EventType "swiss"]
[EventRounds "9"]
[EventCountry "RUS"]
[SourceTitle "CBM 124 Extra"]
[Source "ChessBase"]
[SourceDate "2008.07.03"]
[SourceVersion "1"]
[SourceVersionDate "2008.07.03"]
[SourceQuality "1"]

1. e4 e5 2. Nf3 Nc6 3. d4 exd4 4. Nxd4 Bc5 5. Nf3 Bb6 6. a4 a6 7. Nc3 Qf6 8. Qe2 Nd4 9. Nxd4 Bxd4 10. Nd5 Qc6 11. c3 Bf6 12. g3 d6 13. Bg2 Qd7 14. 0-0 Bd8 15. e5 Kf8 16. exd6 c6 17. Nb4 Nf6 18. Bf4 Qf5 19. Rfe1 Bd7 20. Nd3 Bb6 21. Qe7+ Kg8 22. Ne5 Rf8 23. Nxd7 Qxd7 24. Qxd7 Nxd7 25. Re7 Nf6 26. Rxb7 Bd8 27. d7 Be7 28. Re1 Bc5 29. b4 Bxf2+ 30. Kxf2 Ng4+ 31. Kg1 h5 32. Bd6 Ra8 33. Re8+ Kh7 34. Rxa8 Rxa8 35. Rb8 1-0

[Event "St Petersburg Chigorin CC-ch"]
[Site "St Petersburg"]
[Date "2008.05.14"]
[Round "2"]
[White "Nikolaev, Yury"]
[Black "Koltsov, Roman"]
[Result "1-0"]
[WhiteElo "2096"]
[BlackElo "2276"]
[PlyCount "47"]
[EventDate "2008.05.13"]
[EventType "swiss"]
[EventRounds "9"]
[EventCountry "RUS"]
[SourceTitle "CBM 124 Extra"]
[Source "ChessBase"]
[SourceDate "2008.07.03"]
[SourceVersion "1"]
[SourceVersionDate "2008.07.03"]
[SourceQuality "1"]

1. Nf3 Nf6 2. d4 c5 3. d5 d6 4. Nc3 g6 5. e4 Bg7 6. h3 0-0 7. Bc4 a6 8. a4 Nbd7 9. 0-0 Qc7 10. Re1 Rb8 11. Bf4 Nh5 12. Bh2 h6 13. g4 Nhf6 14. e5 Ne8 15. e6 fxe6 16. dxe6 Nb6 17. Bd3 Rf6 18. a5 Na8 19. Nd5 Qd8 20. Nxf6+ Bxf6 21. Bxg6 Bxb2 22. Bf7+ Kg7 23. Nh4 Bxa1 24. Qd3 1-0

[Event "Petrovskaya Ladya op 08"]
[Site "Peterhof"]
[Date "2007.08.07"]
[Round "2"]
[White "Koltsov, Roman"]
[Black "Novitsky, Alexey"]
[Result "1-0"]
[WhiteElo "2276"]
[BlackElo "1969"]
[PlyCount "127"]
[EventDate "2007.08.06"]
[EventType "swiss"]
[EventRounds "9"]
[EventCountry "RUS"]
[SourceTitle "EXT 2008"]
[Source "ChessBase"]
[SourceDate "2007.11.25"]
[SourceVersion "1"]
[SourceVersionDate "2007.11.25"]
[SourceQuality "1"]

1. e4 e5 2. Nf3 Nc6 3. d4 exd4 4. Nxd4 Nf6 5. Nxc6 bxc6 6. e5 Qe7 7. Qe2 Nd5 8. c4 Ba6 9. g3 g5 10. b3 0-0-0 11. Bb2 Bg7 12. Qe4 Nb4 13. a3 d5 14. Qf5+ Kb8 15. axb4 Bb7 16. Bd4 a6 17. c5 Bc8 18. Qd3 Bxe5 19. Be2 Rhe8 20. Nc3 Bxd4 21. Qxd4 h5 22. 0-0 h4 23. Bxa6 hxg3 24. fxg3 Bxa6 25. Rxa6 Qe3+ 26. Qxe3 Rxe3 27. Nd1 Rxb3 28. Rxc6 Rxb4 29. Nc3 d4 30. Rb1 Rxb1+ 31. Nxb1 d3 32. Nd2 Re8 33. Rf6 Re2 34. Rf2 Re1+ 35. Kg2 Rc1 36. Nb3 Rc3 37. Rb2 Kc8 38. Kf2 Kd7 39. Ke1 f5 40. Kd2 Rc4 41. Kxd3 Rg4 42. Rf2 f4 43. gxf4 gxf4 44. Ke4 Rh4 45. Kf5 Rh3 46. Rd2+ Kc6 47. Nd4+ Kxc5 48. Ne6+ Kb6 49. Rb2+ Kc6 50. Rc2+ Kd6 51. Nxc7 f3 52. Nb5+ Kd5 53. Kg4 Rh8 54. Kxf3 Rb8 55. Nc3+ Kd4 56. Ne2+ Kd3 57. Rc3+ Kd2 58. Rc4 Rf8+ 59. Rf4 Rh8 60. h4 Rh7 61. Nd4 Ra7 62. Nf5 Rh7 63. Kg4 Kd3 64. Kg5 1-0

[Event "St Petersburg White Nights CYSS op"]
[Site "St Petersburg"]
[Date "2007.06.10"]
[Round "9"]
[White "Giri, Anish"]
[Black "Koltsov, Roman"]
[Result "1/2-1/2"]
[WhiteElo "2218"]
[BlackElo "2276"]
[PlyCount "39"]
[EventDate "2007.06.02"]
[EventType "swiss"]
[EventRounds "9"]
[EventCountry "RUS"]
[SourceTitle "EXT 2022"]
[Source "ChessBase"]
[SourceDate "2021.10.06"]
[SourceVersion "1"]
[SourceVersionDate "2021.10.06"]
[SourceQuality "1"]

1. e4 c5 2. Nf3 e6 3. d4 cxd4 4. Nxd4 Nf6 5. Nc3 d6 6. g4 a6 7. g5 Nfd7 8. Be3 b5 9. a3 Nb6 10. Qd2 Bb7 11. 0-0-0 N8d7 12. f4 Nc5 13. Qg2 Rc8 14. h4 Nba4 15. Nxa4 bxa4 16. Bd3 Qc7 17. Kb1 d5 18. e5 Rb8 19. Qd2 Ne4 20. Bxe4 1/2-1/2

[Event "St Petersburg White Nights CYSS op"]
[Site "St Petersburg"]
[Date "2007.06.05"]
[Round "4"]
[White "Koltsov, Roman"]
[Black "Sarkisov, Vladimir"]
[Result "1/2-1/2"]
[WhiteElo "2276"]
[BlackElo "1927"]
[PlyCount "52"]
[EventDate "2007.06.02"]
[EventType "swiss"]
[EventRounds "9"]
[EventCountry "RUS"]
[SourceTitle "EXT 2022"]
[Source "ChessBase"]
[SourceDate "2021.10.06"]
[SourceVersion "1"]
[SourceVersionDate "2021.10.06"]
[SourceQuality "1"]

1. e4 e5 2. Nf3 Nc6 3. d4 exd4 4. Nxd4 Bc5 5. Nb3 Bb6 6. a4 a5 7. Nc3 d6 8. Nd5 Ba7 9. Bb5 Nge7 10. 0-0 0-0 11. Bd2 Nxd5 12. exd5 Nb4 13. Bxb4 axb4 14. Qd2 Qf6 15. Rfe1 Bf5 16. c3 bxc3 17. bxc3 Rab8 18. Nd4 Rbc8 19. Rac1 Rfd8 20. Kh1 Bd7 21. Bxd7 Rxd7 22. Re2 Bxd4 23. cxd4 g6 24. Rce1 Kg7 25. Qb4 Rcd8 26. Qc4 c6 1/2-1/2

[Event "St Petersburg White Nights CYSS op"]
[Site "St Petersburg"]
[Date "2007.06.04"]
[Round "3"]
[White "Koltsov, Roman"]
[Black "Klobukov, Sergey"]
[Result "1-0"]
[WhiteElo "2276"]
[BlackElo "1998"]
[PlyCount "75"]
[EventDate "2007.06.02"]
[EventType "swiss"]
[EventRounds "9"]
[EventCountry "RUS"]
[SourceTitle "EXT 2022"]
[Source "ChessBase"]
[SourceDate "2021.10.06"]
[SourceVersion "1"]
[SourceVersionDate "2021.10.06"]
[SourceQuality "1"]

1. e4 c5 2. Nf3 d6 3. d4 cxd4 4. Qxd4 Nc6 5. Bb5 Bd7 6. Bxc6 Bxc6 7. Nc3 Nf6 8. Bg5 e6 9. 0-0-0 Be7 10. Rhe1 Qa5 11. Kb1 0-0 12. Qd2 Qc7 13. Nd4 a6 14. f3 b5 15. g4 Rac8 16. Rg1 b4 17. Nce2 Ba4 18. Rc1 Qb6 19. Ng3 a5 20. h4 Bd7 21. Nh5 Kh8 22. Bxf6 Bxf6 23. Nxf6 gxf6 24. g5 f5 25. h5 a4 26. g6 Rg8 27. gxf7 Rgf8 28. Rg5 Rxf7 29. Rcg1 b3 30. cxb3 axb3 31. a3 fxe4 32. fxe4 e5 33. Nf5 Bxf5 34. exf5 Rxf5 35. Qg2 Rff8 36. Rg7 Qxg1+ 37. Qxg1 Rc2 38. h6 1-0

[Event "St Petersburg White Nights CYSS op"]
[Site "St Petersburg"]
[Date "2007.06.02"]
[Round "1"]
[White "Koltsov, Roman"]
[Black "Nikolaev, Vadim S"]
[Result "1/2-1/2"]
[WhiteElo "2276"]
[BlackElo "2171"]
[PlyCount "80"]
[EventDate "2007.06.02"]
[EventType "swiss"]
[EventRounds "9"]
[EventCountry "RUS"]
[SourceTitle "EXT 2022"]
[Source "ChessBase"]
[SourceDate "2021.10.06"]
[SourceVersion "1"]
[SourceVersionDate "2021.10.06"]
[SourceQuality "1"]

1. e4 c5 2. Nf3 Nc6 3. Bb5 Qb6 4. Nc3 e6 5. 0-0 Nd4 6. Bc4 Ne7 7. Nxd4 cxd4 8. Ne2 Nc6 9. d3 Na5 10. Bb3 Nxb3 11. axb3 d6 12. Ng3 Be7 13. Qg4 g6 14. Bh6 Bd7 15. Qe2 Bf8 16. Bxf8 Kxf8 17. f4 Re8 18. Qf2 Re7 19. f5 e5 20. Qd2 Ke8 21. Rf2 gxf5 22. Nxf5 Bxf5 23. Rxf5 Re6 24. Raf1 Rf8 25. R1f3 Qc7 26. Rf2 Rg6 27. Qb4 a6 28. Qd2 Rfg8 29. Qe2 Qe7 30. Qf3 R8g7 31. Qh3 Qe6 32. R5f3 Qxh3 33. Rxh3 Ke7 34. Rhf3 Ke6 35. Rf5 f6 36. Kf1 Rd7 37. Ke2 d5 38. g3 dxe4 39. dxe4 Rc7 40. Kd3 Rc6 1/2-1/2